[Event "XXXI Festival Conca della Presolana A"]
[Site "Bratto - Castione della Presolana ITA"]
[Date "2011.08.20"]
[Round "1"]
[White "Sala, Giovanni"]
[Black "Bresciani, Nicola"]
[Result "0-1"]
[WhiteElo "1967"]
[BlackElo "2287"]
[PlyCount "96"]
[EventDate "2011.08.20"]

1. c4 Nf6 2. g3 e6 3. Nf3 d5 4. Bg2 Be7 5. O-O O-O 6. b3 c5 7. Bb2 Nc6 8. e3 b6
9. Nc3 Bb7 10. cxd5 Nxd5 11. Nxd5 exd5 12. d4 Ba6 13. Re1 c4 14. bxc4 Bxc4 15.
Nd2 Rc8 16. Nxc4 dxc4 17. e4 Nb4 18. Re3 b5 19. a3 Nd3 20. Rxd3 cxd3 21. Qxd3
Qb6 22. e5 Rc4 23. Be4 g6 24. Bd5 Rc7 25. Re1 a5 26. e6 f6 27. Ba2 Kg7 28. g4
Rfc8 29. Re2 b4 30. d5 bxa3 31. Bd4 Rc1+ 32. Kg2 Qd6 33. g5 Qf4 34. gxf6+ Bxf6
35. Bxf6+ Qxf6 36. e7 R1c3 37. Qd2 Qf3+ 38. Kg1 Rd3 39. Qe1 Rd4 40. e8=N+ Rxe8
41. Rxe8 Rd1 42. Re7+ Kh6 43. d6 Rxe1+ 44. Rxe1 Qd3 45. Re6 Qd2 46. Bc4 a2 47.
Bxa2 Qxa2 48. d7 Qd5 0-1

[Event "XXXI Festival Conca della Presolana A"]
[Site "Bratto - Castione della Presolana ITA"]
[Date "2011.08.20"]
[Round "1"]
[White "Sertic, Rudolf"]
[Black "Vrhovnik, Damir"]
[Result "1-0"]
[WhiteElo "2406"]
[BlackElo "2082"]
[PlyCount "91"]
[EventDate "2011.08.20"]

1. d4 Nf6 2. c4 c5 3. d5 e6 4. Nc3 exd5 5. cxd5 d6 6. e4 g6 7. Bd3 a6 8. a4 Bg7
9. Nge2 O-O 10. O-O Nbd7 11. Rb1 Re8 12. f3 Qc7 13. Kh1 c4 14. Bc2 Nc5 15. Nd4
Nh5 16. g4 Nf6 17. Be3 Nfd7 18. Qe2 Ne5 19. h3 Qe7 20. Nd1 Qh4 21. Kg2 Ned3 22.
Qd2 Be5 23. Ne2 Nxe4 24. fxe4 Bxg4 25. Ng1 Bxh3+ 26. Nxh3 Qg3+ 27. Kh1 Qxh3+
28. Kg1 Bg3 29. Bxd3 cxd3 30. Nc3 Re5 31. Bf4 Rh5 32. Qg2 Bxf4 33. Qxh3 Rxh3
34. Rxf4 Rc8 35. Kg2 Re3 36. Rf3 Rxf3 37. Kxf3 g5 38. Kg4 h6 39. Kf5 Re8 40.
Kf6 Re5 41. Rd1 g4 42. Rxd3 Rg5 43. Ne2 Re5 44. Ng3 h5 45. Nf5 Rxe4 46. Nxd6
1-0

[Event "XXXI Festival Conca della Presolana A"]
[Site "Bratto - Castione della Presolana ITA"]
[Date "2011.08.20"]
[Round "1"]
[White "Stoppa, Omar"]
[Black "Attuati, Stefano"]
[Result "1-0"]
[WhiteElo "2286"]
[BlackElo "1963"]
[PlyCount "33"]
[EventDate "2011.08.20"]

1. e4 e6 2. d4 d5 3. Nc3 Nf6 4. e5 Nfd7 5. Qh5 c5 6. Nf3 Nc6 7. Ng5 g6 8. Qf3
f5 9. Nxe6 Ndxe5 10. Qxd5 Qxd5 11. Nc7+ Kd7 12. N3xd5 Nxd4 13. Bf4 Bg7 14.
O-O-O Rb8 15. Nb5 Nxb5 16. Bxb5+ Ke6 17. Rhe1 1-0

[Event "XXXI Festival Conca della Presolana A"]
[Site "Bratto - Castione della Presolana ITA"]
[Date "2011.08.20"]
[Round "1"]
[White "Vezzani, Stefano"]
[Black "Drazic, Sinisa"]
[Result "0-1"]
[WhiteElo "2183"]
[BlackElo "2501"]
[PlyCount "54"]
[EventDate "2011.08.20"]

1. e4 c5 2. Nc3 Nc6 3. g3 g6 4. Bg2 Rb8 5. d3 b5 6. f4 b4 7. Nd5 Bg7 8. Ne2 d6
9. O-O f5 10. a3 a5 11. axb4 axb4 12. exf5 gxf5 13. c3 Bd7 14. Bd2 e6 15. Ne3
Nge7 16. g4 fxg4 17. Ng3 O-O 18. Nxg4 bxc3 19. bxc3 Be8 20. Qe2 Qd7 21. Rfb1
Bg6 22. Be4 d5 23. Bxg6 hxg6 24. Ne5 Rxb1+ 25. Rxb1 Nxe5 26. fxe5 Nc6 27. Re1
Nxe5 0-1

[Event "XXXI Festival Conca della Presolana A"]
[Site "Bratto - Castione della Presolana ITA"]
[Date "2011.08.20"]
[Round "1"]
[White "Vishnu, Prasanna V."]
[Black "Podini, Francesco"]
[Result "1-0"]
[WhiteElo "2340"]
[BlackElo "2033"]
[PlyCount "49"]
[EventDate "2011.08.20"]

1. e4 c5 2. Nf3 e6 3. d4 cxd4 4. Nxd4 Nf6 5. Nc3 d6 6. Be2 a6 7. f4 Be7 8. O-O
O-O 9. Be3 Qc7 10. g4 b5 11. g5 Ne8 12. a3 Bb7 13. f5 e5 14. Nb3 Nd7 15. Qe1 f6
16. g6 hxg6 17. fxg6 f5 18. Qg3 Ndf6 19. Rxf5 Bc8 20. Rf2 Be6 21. Raf1 Qd7 22.
Qh4 Rc8 23. Bg4 Rc4 24. Rxf6 Nxf6 25. Rxf6 1-0

[Event "XXXI Festival Conca della Presolana A"]
[Site "Bratto - Castione della Presolana ITA"]
[Date "2011.08.21"]
[Round "2"]
[White "Angelini, Marco"]
[Black "Horvath, Csaba"]
[Result "0-1"]
[WhiteElo "2185"]
[BlackElo "2517"]
[PlyCount "60"]
[EventDate "2011.08.20"]

1. e4 c5 2. Nf3 e6 3. d4 cxd4 4. Nxd4 Nc6 5. Nxc6 bxc6 6. Nc3 d5 7. Bd3 Nf6 8.
O-O Be7 9. e5 Nd7 10. Bf4 c5 11. Re1 Bb7 12. Qd2 O-O 13. Nd1 c4 14. Bf1 Nc5 15.
f3 Qb6 16. Be3 f6 17. exf6 Bxf6 18. c3 e5 19. Bf2 Rac8 20. Ne3 Bg5 21. h4 Bh6
22. Qc2 e4 23. Nxc4 dxc4 24. Bxc4+ Kh8 25. b4 e3 26. Rxe3 Nb3 27. Rae1 Nd4 28.
Qd3 Bxe3 29. Bxe3 Nxf3+ 30. gxf3 Qc7 0-1

[Event "XXXI Festival Conca della Presolana A"]
[Site "Bratto - Castione della Presolana ITA"]
[Date "2011.08.21"]
[Round "2"]
[White "Attuati, Stefano"]
[Black "Osuna Munoz, Xavier"]
[Result "1-0"]
[WhiteElo "1963"]
[BlackElo "2104"]
[PlyCount "59"]
[EventDate "2011.08.20"]

1. e4 e6 2. d4 d5 3. Nc3 Bb4 4. Bd2 dxe4 5. Qg4 Nf6 6. Qxg7 Rg8 7. Qh6 Nc6 8.
O-O-O Rg6 9. Qh4 Rg4 10. Qh3 Bd7 11. Be2 Rg6 12. g4 Nxd4 13. g5 Nxe2+ 14. Ngxe2
e5 15. Qh4 Ng8 16. Qxh7 Qe7 17. Kb1 c6 18. Nxe4 Bxd2 19. Rxd2 O-O-O 20. Rhd1
Kc7 21. h4 Qf8 22. Nd6 Rg7 23. Qd3 Ne7 24. Nc3 f6 25. Nde4 fxg5 26. Qd6+ Kc8
27. Qxe5 Qf4 28. Nd6+ Kc7 29. Ndb5+ Kc8 30. Nxa7# 1-0

[Event "XXXI Festival Conca della Presolana A"]
[Site "Bratto - Castione della Presolana ITA"]
[Date "2011.08.21"]
[Round "2"]
[White "Bellia, Fabrizio"]
[Black "Mikalsen, Erlend"]
[Result "1-0"]
[WhiteElo "2424"]
[BlackElo "2037"]
[PlyCount "77"]
[EventDate "2011.08.20"]

1. e4 c5 2. Nf3 d6 3. Nc3 Nf6 4. Bc4 Nc6 5. d4 cxd4 6. Nxd4 g6 7. Nxc6 bxc6 8.
e5 Ng4 9. exd6 Qxd6 10. Qxd6 exd6 11. O-O d5 12. Re1+ Be6 13. Ba6 Rb8 14. h3
Nf6 15. Bf4 Rb4 16. Be5 Bg7 17. a3 Rb6 18. Bd3 Nh5 19. Na4 Bxe5 20. Nxb6 Bxb2
21. Rab1 Bxa3 22. Nxd5 O-O 23. Nc7 Nf4 24. Nxe6 Nxe6 25. Bc4 Nd4 26. c3 Nf5 27.
Re5 Bd6 28. Ra5 Bb8 29. Bd3 Ne7 30. g3 Rd8 31. Bc4 Kg7 32. Rb7 Kf6 33. Ra1 Nd5
34. Ra6 Ne7 35. h4 Rd1+ 36. Kg2 Bd6 37. Rd7 Rd2 38. Kf1 Bf4 39. Raxa7 1-0

[Event "XXXI Festival Conca della Presolana A"]
[Site "Bratto - Castione della Presolana ITA"]
[Date "2011.08.21"]
[Round "2"]
[White "Bianchi, Andrea"]
[Black "Reinaldo Castineira, Roi"]
[Result "0-1"]
[WhiteElo "2142"]
[BlackElo "2492"]
[PlyCount "76"]
[EventDate "2011.08.20"]

1. e4 c5 2. Nf3 d6 3. d4 cxd4 4. Qxd4 Nc6 5. Bb5 Bg4 6. Qa4 Qc8 7. Nd4 Bd7 8.
Nxc6 Bxc6 9. c4 Nf6 10. Nc3 Nd7 11. Bxc6 bxc6 12. Qc2 g6 13. Be3 Bg7 14. Rc1
Ne5 15. Bd4 Nf3+ 16. gxf3 Bxd4 17. Qd2 Bg7 18. h4 h5 19. Ne2 Bh6 20. f4 O-O 21.
Rc3 e5 22. Qxd6 exf4 23. Rd3 Qa6 24. O-O Qxc4 25. Nc3 Rfe8 26. Rfd1 a5 27. Qf6
Qb4 28. Rd7 Rf8 29. Qxc6 Rac8 30. Rc7 Rxc7 31. Qxc7 Qxb2 32. Qxa5 Bg7 33. Nd5
Qe2 34. Qd2 Qg4+ 35. Kf1 f3 36. Ne3 Qxh4 37. Ke1 Bh6 38. Qd4 Bxe3 0-1

[Event "XXXI Festival Conca della Presolana A"]
[Site "Bratto - Castione della Presolana ITA"]
[Date "2011.08.21"]
[Round "2"]
[White "Borgo, Giulio"]
[Black "Formento, Paolo"]
[Result "1-0"]
[WhiteElo "2404"]
[BlackElo "2024"]
[PlyCount "73"]
[EventDate "2011.08.20"]

1. Nf3 g6 2. e4 Bg7 3. d4 d6 4. h3 Nf6 5. Nc3 O-O 6. Be3 a6 7. a4 b6 8. Bd3 Bb7
9. O-O Nbd7 10. Re1 e5 11. dxe5 dxe5 12. Qd2 Qe7 13. Bg5 c6 14. Qe3 b5 15. Bf1
Rfe8 16. Nd2 Nc5 17. Bh4 Ne6 18. Nb3 b4 19. Nb1 c5 20. N1d2 h6 21. Bc4 Nd4 22.
Rac1 g5 23. Bg3 Kh8 24. Na5 Rac8 25. c3 Nc6 26. Nxb7 Qxb7 27. Nb3 Bf8 28. Qe2
Nb8 29. Qf3 Kg7 30. Nd2 Nbd7 31. a5 Rc6 32. Nf1 Bd6 33. Ne3 Nf8 34. Nf5+ Kg6
35. Nxh6 Ne6 36. Qf5+ Kg7 37. Bxe6 1-0

[Event "XXXI Festival Conca della Presolana A"]
[Site "Bratto - Castione della Presolana ITA"]
[Date "2011.08.21"]
[Round "2"]
[White "Bresciani, Nicola"]
[Black "Sertic, Rudolf"]
[Result "1-0"]
[WhiteElo "2287"]
[BlackElo "2406"]
[PlyCount "99"]
[EventDate "2011.08.20"]

1. e4 c5 2. Nf3 e6 3. d4 cxd4 4. Nxd4 a6 5. Be2 Nf6 6. Nc3 Qc7 7. O-O Bc5 8.
Kh1 d6 9. f4 Nbd7 10. Bf3 Rb8 11. a4 b6 12. Nb3 Bb7 13. Nxc5 bxc5 14. Qd2 O-O
15. Rd1 Ne8 16. Qe2 Qb6 17. b3 Qa7 18. Be3 Bc6 19. Bf2 Qa8 20. Bh4 f5 21. exf5
Bxf3 22. gxf3 exf5 23. Be7 Rf7 24. Bxd6 Rb6 25. Be5 Re6 26. Nd5 Qb7 27. Rd3 Nd6
28. c4 Nxe5 29. fxe5 f4 30. Rad1 Rf5 31. Nf6+ Rfxf6 32. Rxd6 Qxb3 33. Rd8+ Rf8
34. Qe4 Ree8 35. Qd5+ Kh8 36. Rxe8 Rxe8 37. Re1 Qc3 38. Re2 h6 39. e6 Qf6 40.
Qxc5 Qa1+ 41. Kg2 Qd1 42. Qe5 Qxa4 43. Qxf4 Qd1 44. Qe4 a5 45. c5 a4 46. c6 Qd6
47. Qc4 a3 48. c7 Rc8 49. e7 Qg6+ 50. Qg4 1-0

[Event "XXXI Festival Conca della Presolana A"]
[Site "Bratto - Castione della Presolana ITA"]
[Date "2011.08.21"]
[Round "2"]
[White "Cani, Gazmir"]
[Black "Melia, Salome"]
[Result "1-0"]
[WhiteElo "2114"]
[BlackElo "2437"]
[PlyCount "83"]
[EventDate "2011.08.20"]

1. d4 c5 2. d5 g6 3. c4 Bg7 4. e4 d6 5. Nf3 e6 6. h3 Ne7 7. Bd3 O-O 8. O-O Nd7
9. Nc3 a6 10. a4 e5 11. Rb1 h6 12. Nd2 f5 13. b4 cxb4 14. Rxb4 Nc5 15. Be2 Kh8
16. Ba3 Ng8 17. Qb1 Nf6 18. Rb6 Rf7 19. a5 Bf8 20. f4 exf4 21. Bxc5 dxc5 22. e5
Nd7 23. Nf3 Bg7 24. Re6 Re7 25. Rxe7 Qxe7 26. d6 Qf7 27. Nd5 Nxe5 28. Nc7 Rb8
29. Nxa6 Ra8 30. Nc7 Rxa5 31. Nd5 b5 32. Ne7 Bd7 33. cxb5 Nxf3+ 34. Bxf3 Bxb5
35. Rd1 Bd4+ 36. Kh2 Qe6 37. Rxd4 cxd4 38. Qb4 Qd7 39. Qxa5 Qxd6 40. Qa8+ Kg7
41. Qg8+ Kf6 42. Nd5+ 1-0

[Event "XXXI Festival Conca della Presolana A"]
[Site "Bratto - Castione della Presolana ITA"]
[Date "2011.08.21"]
[Round "2"]
[White "Cebalo, Miso"]
[Black "Cocchi, Andrea"]
[Result "1-0"]
[WhiteElo "2484"]
[BlackElo "2297"]
[PlyCount "71"]
[EventDate "2011.08.20"]

1. c4 c5 2. g3 Nc6 3. Bg2 g6 4. Nc3 Bg7 5. Nf3 e5 6. O-O Nge7 7. Ne1 d6 8. Nc2
Be6 9. Ne3 O-O 10. a3 Qd7 11. Rb1 Bh3 12. b4 Bxg2 13. Kxg2 f5 14. d3 h5 15.
Ned5 Nxd5 16. cxd5 cxb4 17. axb4 Ne7 18. e4 Rac8 19. Bd2 Kh7 20. Ra1 a6 21. b5
axb5 22. Qb3 Bh6 23. Bxh6 Kxh6 24. Qxb5 Qc7 25. Rfc1 Ng8 26. Qb4 f4 27. f3 Qf7
28. Rf1 fxg3 29. hxg3 Nf6 30. Rac1 Rcd8 31. Nb5 Rd7 32. Nxd6 Qe7 33. Qd2+ Kg7
34. Nc4 Nh7 35. Qb2 Re8 36. f4 1-0

[Event "XXXI Festival Conca della Presolana A"]
[Site "Bratto - Castione della Presolana ITA"]
[Date "2011.08.21"]
[Round "2"]
[White "Ceccarini, Marco"]
[Black "Guerra, Alessandro"]
[Result "1/2-1/2"]
[WhiteElo "2052"]
[BlackElo "2204"]
[PlyCount "78"]
[EventDate "2011.08.20"]

1. e4 e5 2. Bc4 Nf6 3. d4 Nc6 4. Nf3 exd4 5. O-O d6 6. Nxd4 Be7 7. Nc3 O-O 8.
f3 Ne5 9. Be2 c5 10. Nb3 a6 11. f4 Nc6 12. Bf3 Be6 13. Nd5 Bxd5 14. exd5 Na7
15. g4 Nd7 16. Nd2 Nb5 17. c3 Nc7 18. b3 b5 19. Bb2 Nb6 20. c4 Bf6 21. Qc2 Rb8
22. Bc3 bxc4 23. bxc4 Re8 24. g5 Bxc3 25. Qxc3 Na4 26. Qa3 Qd7 27. Rab1 a5 28.
Rfe1 Rb4 29. Qd3 Nb2 30. Qc2 Reb8 31. a3 R4b6 32. Kh1 Na4 33. Be4 Rxb1 34. Rxb1
Rxb1+ 35. Qxb1 Nc3 36. Bxh7+ Kh8 37. Qd3 Ne2 38. Qf3 Kxh7 39. Qxe2 Qf5 1/2-1/2

[Event "XXXI Festival Conca della Presolana A"]
[Site "Bratto - Castione della Presolana ITA"]
[Date "2011.08.21"]
[Round "2"]
[White "De La Villa Garcia, Jesus Maria"]
[Black "De Santis, Alessio"]
[Result "1-0"]
[WhiteElo "2490"]
[BlackElo "2305"]
[PlyCount "79"]
[EventDate "2011.08.20"]

1. e4 b6 2. d4 Bb7 3. Bd3 Nf6 4. Qe2 Nc6 5. c3 e5 6. Nf3 d6 7. O-O Be7 8. d5
Nb8 9. c4 O-O 10. Nc3 Re8 11. Bc2 c5 12. dxc6 Nxc6 13. Rd1 h6 14. Ba4 Nd7 15.
Rb1 Qc8 16. b4 Nf8 17. Nd5 Ne6 18. Be3 Bd8 19. a3 g5 20. h3 Nf4 21. Bxf4 exf4
22. Bxc6 Bxc6 23. Nd4 Bxd5 24. cxd5 Bf6 25. Rbc1 Qd7 26. Qb5 Qxb5 27. Nxb5 Rxe4
28. Nxd6 Re2 29. Rc6 Rd8 30. Nf5 Bg7 31. d6 Re5 32. Ne7+ Kh7 33. Nc8 Re6 34. b5
Bf8 35. d7 Bxa3 36. Rxe6 fxe6 37. Nxa7 Be7 38. Nc6 Bf6 39. Nxd8 Bxd8 40. Rc1
1-0

[Event "XXXI Festival Conca della Presolana A"]
[Site "Bratto - Castione della Presolana ITA"]
[Date "2011.08.21"]
[Round "2"]
[White "Drazic, Sinisa"]
[Black "Codenotti, Marco"]
[Result "1-0"]
[WhiteElo "2501"]
[BlackElo "2323"]
[PlyCount "59"]
[EventDate "2011.08.20"]

1. d4 Nf6 2. c4 g6 3. Nc3 d5 4. e3 Bg7 5. cxd5 Nxd5 6. Nxd5 Qxd5 7. Ne2 O-O 8.
Nc3 Qd8 9. Be2 c6 10. O-O e5 11. dxe5 Bxe5 12. Qc2 Be6 13. e4 Bg7 14. Be3 Nd7
15. f4 f5 16. Rad1 Qe7 17. Bf3 Rad8 18. exf5 Bxf5 19. Qf2 Qb4 20. Rfe1 Rfe8 21.
g4 Be6 22. a3 Qf8 23. h3 Bb3 24. Rc1 Kh8 25. Bg2 Qf7 26. Ne4 Nb6 27. f5 gxf5
28. gxf5 Nd5 29. Bd4 Be5 30. Nd6 1-0

[Event "XXXI Festival Conca della Presolana A"]
[Site "Bratto - Castione della Presolana ITA"]
[Date "2011.08.21"]
[Round "2"]
[White "Efroimski, Marsel"]
[Black "Bemporad, Filippo"]
[Result "1-0"]
[WhiteElo "2235"]
[BlackElo "2068"]
[PlyCount "75"]
[EventDate "2011.08.20"]

1. e4 c5 2. Nf3 d6 3. d4 cxd4 4. Nxd4 Nf6 5. Nc3 a6 6. h3 Nc6 7. g4 h6 8. Be3
Bd7 9. Qe2 Nxd4 10. Bxd4 e5 11. Be3 Bc6 12. Bg2 b5 13. f4 Qa5 14. O-O Be7 15.
Nd5 Bxd5 16. exd5 Nd7 17. Qf2 Bd8 18. Be4 Rb8 19. Rad1 Bb6 20. Bf5 Bxe3 21.
Qxe3 f6 22. Bxd7+ Kxd7 23. fxe5 dxe5 24. Qe4 Kc8 25. Rd3 Kb7 26. Re3 Qb6 27.
Kh2 Rhd8 28. b3 Rbc8 29. c4 Qd6 30. Rff3 Rc5 31. Re1 Rdc8 32. Rc3 Ka7 33. Qe3
Kb7 34. Qe4 Ka7 35. Kg2 Kb8 36. a4 R8c7 37. Rec1 bxa4 38. b4 1-0

[Event "XXXI Festival Conca della Presolana A"]
[Site "Bratto - Castione della Presolana ITA"]
[Date "2011.08.21"]
[Round "2"]
[White "Fedorchuk, Sergey A."]
[Black "Indjic, Aleksandar"]
[Result "1-0"]
[WhiteElo "2618"]
[BlackElo "2373"]
[PlyCount "101"]
[EventDate "2011.08.20"]

1. e4 d6 2. d4 Nf6 3. Nc3 g6 4. Be3 c6 5. h3 Nbd7 6. Nf3 Qc7 7. Qd2 b5 8. Bd3
a6 9. Ne2 Bb7 10. Ng3 c5 11. c3 e5 12. O-O Bg7 13. b4 O-O 14. bxc5 dxc5 15. d5
Ne8 16. Bh6 Nd6 17. Nh2 Rae8 18. Ng4 f6 19. f4 exf4 20. Bxg7 Kxg7 21. Qxf4 c4
22. Bc2 Qb6+ 23. Kh1 Nf7 24. a4 Nfe5 25. Ne3 Nc5 26. axb5 axb5 27. Qf2 Ra8 28.
Rxa8 Rxa8 29. Ne2 Rf8 30. Nd4 Bc8 31. Qg3 Bd7 32. Rb1 Kh8 33. Qh4 Kg7 34. Qe1
Ra8 35. Qg3 Ra3 36. Rf1 Ra8 37. Nef5+ Bxf5 38. exf5 Rd8 39. fxg6 hxg6 40. d6
Rd7 41. Nf5+ Kf8 42. Ne7 Qxd6 43. Nxg6+ Nxg6 44. Qxg6 Rf7 45. Qh6+ Kg8 46. Rf4
Ne6 47. Rh4 Rg7 48. Qxf6 Qe7 49. Bh7+ Rxh7 50. Rg4+ Rg7 51. Qxe7 1-0

[Event "XXXI Festival Conca della Presolana A"]
[Site "Bratto - Castione della Presolana ITA"]
[Date "2011.08.21"]
[Round "2"]
[White "Gasperoni, Stefano"]
[Black "Valenti, Giuseppe"]
[Result "0-1"]
[WhiteElo "2001"]
[BlackElo "2144"]
[PlyCount "98"]
[EventDate "2011.08.20"]

1. e4 c5 2. Nf3 e6 3. d4 cxd4 4. Nxd4 a6 5. Bd3 Qc7 6. f4 d6 7. O-O Nf6 8. Kh1
Be7 9. c4 Nbd7 10. Nc3 b6 11. Nb3 Bb7 12. Qe2 O-O 13. Be3 Rfe8 14. Rae1 Bf8 15.
Bf2 g6 16. Bh4 Bg7 17. Qe3 Rac8 18. Be2 h5 19. Bf3 Qxc4 20. e5 Ng4 21. Bxg4
hxg4 22. exd6 Qc6 23. Qd2 Bxc3 24. bxc3 Qxc3 25. Qxc3 Rxc3 26. Rc1 Rec8 27.
Rxc3 Rxc3 28. Rc1 Rxc1+ 29. Nxc1 f6 30. Kg1 Kf7 31. Nd3 Be4 32. Nb4 a5 33. Na6
Bd5 34. a3 Bc6 35. Bf2 e5 36. fxe5 fxe5 37. Bh4 Ke6 38. Be7 Kd5 39. Kf2 Kc4 40.
g3 Kb3 41. Ke3 Bb7 42. Nc7 Kxa3 43. Ne8 Kb3 44. Nf6 Bc6 45. Kd2 a4 46. Kc1 a3
47. Kb1 Nxf6 48. Bxf6 e4 49. Kc1 b5 0-1

[Event "XXXI Festival Conca della Presolana A"]
[Site "Bratto - Castione della Presolana ITA"]
[Date "2011.08.21"]
[Round "2"]
[White "Getz, Nicolai"]
[Black "David, Alberto"]
[Result "1/2-1/2"]
[WhiteElo "2385"]
[BlackElo "2609"]
[PlyCount "34"]
[EventDate "2011.08.20"]

1. Nf3 Nf6 2. g3 d5 3. Bg2 g6 4. b3 Bg7 5. Bb2 c5 6. c4 d4 7. e3 Nc6 8. exd4
Ng4 9. O-O Nh6 10. Na3 O-O 11. Nc2 Nf5 12. Re1 cxd4 13. d3 a5 14. a3 Rb8 15. b4
axb4 16. Nxb4 Bd7 17. Nd2 Ne3 1/2-1/2

[Event "XXXI Festival Conca della Presolana A"]
[Site "Bratto - Castione della Presolana ITA"]
[Date "2011.08.21"]
[Round "2"]
[White "Gonella, Daniele"]
[Black "Brunello, Marina"]
[Result "0-1"]
[WhiteElo "2067"]
[BlackElo "2228"]
[PlyCount "202"]
[EventDate "2011.08.20"]

1. e4 c5 2. Nf3 d6 3. d4 cxd4 4. Nxd4 Nf6 5. Nc3 a6 6. f3 e5 7. Nb3 Be6 8. Bg5
Nbd7 9. Be2 Be7 10. Qd2 Rc8 11. Rd1 Qc7 12. O-O O-O 13. Kh1 b5 14. a3 Rfd8 15.
f4 exf4 16. Nd4 Ne5 17. Qxf4 Re8 18. Qg3 Qd8 19. Nf5 Bxf5 20. Rxf5 Ng6 21. e5
Rxc3 22. Qxc3 Ne4 23. Qb3 Nxg5 24. exd6 Bf6 25. Bf1 Qd7 26. Rfd5 Ne4 27. Qf3
Bd8 28. Bd3 Nf6 29. Bf5 Qa7 30. R5d2 Nh4 31. Qf2 Qxf2 32. Rxf2 Nxf5 33. Rxf5
Nd7 34. Rfd5 g6 35. g3 f5 36. b3 Re4 37. R5d4 Rxd4 38. Rxd4 Kf7 39. a4 Bb6 40.
Rh4 h5 41. axb5 axb5 42. Rb4 Ke6 43. Rxb5 Kxd6 44. Kg2 Kc6 45. c4 Nc5 46. h3
Bc7 47. Kf3 Ne6 48. Rd5 Ng5+ 49. Kg2 Ne4 50. Rd3 Bd6 51. Re3 Kc5 52. Rd3 Kb4
53. Re3 Bc5 54. Rd3 Bd6 55. Re3 Kc5 56. Rd3 Bc7 57. Rd5+ Kc6 58. b4 Bxg3 59.
Ra5 Kb6 60. c5+ Kb7 61. Rb5+ Kc7 62. Ra5 h4 63. Ra7+ Kb8 64. Rf7 Be1 65. Rg7
Bxb4 66. Rxg6 Bxc5 67. Rh6 Be7 68. Rh5 Bg5 69. Rh7 Kc8 70. Rf7 Bf6 71. Ra7 Kd8
72. Ra5 Nd6 73. Kf3 Ke7 74. Kf4 Ke6 75. Ra6 Be5+ 76. Kf3 Kf6 77. Ra4 Bg3 78.
Ra8 Nc4 79. Ra6+ Kg5 80. Ra4 Ne5+ 81. Kg2 Nd3 82. Ra8 Nf4+ 83. Kf3 Nxh3 84.
Rg8+ Kf6 85. Rf8+ Kg6 86. Rg8+ Kf7 87. Ra8 Ng5+ 88. Kg2 Kg6 89. Ra6+ Kh5 90.
Ra4 f4 91. Ra8 Kg4 92. Rg8 f3+ 93. Kh1 Kf4 94. Rf8+ Ke3 95. Re8+ Ne4 96. Kg1 h3
97. Kh1 Bd6 98. Kg1 Kd4 99. Rh8 h2+ 100. Kf1 Ke3 101. Rh3 h1=Q+ 0-1

[Event "XXXI Festival Conca della Presolana A"]
[Site "Bratto - Castione della Presolana ITA"]
[Date "2011.08.21"]
[Round "2"]
[White "Greenfeld, Alon"]
[Black "Krzyzanowski, Marcin"]
[Result "1-0"]
[WhiteElo "2566"]
[BlackElo "2370"]
[PlyCount "93"]
[EventDate "2011.08.20"]

1. Nf3 Nf6 2. c4 c5 3. Nc3 Nc6 4. d4 cxd4 5. Nxd4 d6 6. e4 g6 7. Be2 Bg7 8. Be3
O-O 9. O-O Bd7 10. Qd2 Ng4 11. Bxg4 Bxg4 12. h3 Bd7 13. Rad1 Rc8 14. Nde2 b6
15. Bh6 a6 16. b3 Be6 17. Nd5 Bxh6 18. Qxh6 f6 19. f4 f5 20. Ng3 Rf7 21. Rfe1
b5 22. exf5 Bxf5 23. c5 Qf8 24. Qxf8+ Kxf8 25. cxd6 exd6 26. Nxf5 Rxf5 27. g4
Rf7 28. Rc1 Na7 29. Rxc8+ Nxc8 30. Kg2 Rb7 31. Kf3 Nb6 32. Nf6 h6 33. Re6 Nc8
34. Ne4 Rb6 35. Rxg6 d5 36. Nf6 Kf7 37. Rg8 Ne7 38. Nd7 Rd6 39. Rd8 Kg7 40. Nc5
Rc6 41. b4 a5 42. a3 axb4 43. axb4 Kf7 44. f5 Rc7 45. Rh8 Ra7 46. Rh7+ Kg8 47.
Rxh6 1-0

[Event "XXXI Festival Conca della Presolana A"]
[Site "Bratto - Castione della Presolana ITA"]
[Date "2011.08.21"]
[Round "2"]
[White "Horvath, Jozsef"]
[Black "Salmoiraghi, Angelo"]
[Result "1-0"]
[WhiteElo "2535"]
[BlackElo "2152"]
[PlyCount "61"]
[EventDate "2011.08.20"]

1. c4 e5 2. Nc3 Bb4 3. g3 Bxc3 4. dxc3 Nf6 5. Bg2 O-O 6. Nf3 Re8 7. O-O h6 8.
Ne1 d6 9. Nc2 c6 10. e4 a5 11. Qe2 Na6 12. Rd1 Qe7 13. b4 axb4 14. cxb4 c5 15.
b5 Nc7 16. Ne3 g6 17. Qd2 Rd8 18. Nd5 Nfxd5 19. exd5 g5 20. f4 f6 21. fxe5 fxe5
22. h4 Kh8 23. hxg5 Rg8 24. Qe2 hxg5 25. Be4 Rg7 26. Qh5+ Kg8 27. Rf1 Bd7 28.
Qh6 Ra4 29. Bxg5 Qe8 30. Rf2 Rxc4 31. Rh2 1-0

[Event "XXXI Festival Conca della Presolana A"]
[Site "Bratto - Castione della Presolana ITA"]
[Date "2011.08.21"]
[Round "2"]
[White "Juhasz, Kristof"]
[Black "Bonade', Massimo"]
[Result "1-0"]
[WhiteElo "2334"]
[BlackElo "2079"]
[PlyCount "83"]
[EventDate "2011.08.20"]

1. c4 b6 2. e4 Bb7 3. Nc3 e6 4. g3 Bb4 5. Nge2 f5 6. d3 fxe4 7. Bg2 Nf6 8. O-O
O-O 9. dxe4 Nc6 10. h3 d6 11. a3 Bxc3 12. Nxc3 Qe7 13. Be3 a5 14. Qc2 Rae8 15.
Rad1 Nh5 16. e5 dxe5 17. Qa4 Nd8 18. Rxd8 Rxd8 19. Bxb7 Qf7 20. Bg2 Rd3 21. Qc2
Rd7 22. Ne4 h6 23. c5 Rb8 24. Rd1 Rxd1+ 25. Qxd1 bxc5 26. Nxc5 Nf6 27. Qd2 Nd5
28. Nxe6 Nxe3 29. fxe3 Kh8 30. Nc5 Qa2 31. Nd3 Qb1+ 32. Kh2 Rd8 33. Be4 c5 34.
Qc3 Qf1 35. Qc2 c4 36. Nxe5 Rd1 37. Qg2 Qe1 38. Nxc4 Rc1 39. Bd3 g5 40. Qa8+
Kg7 41. Qb7+ Kf6 42. Qc6+ 1-0

[Event "XXXI Festival Conca della Presolana A"]
[Site "Bratto - Castione della Presolana ITA"]
[Date "2011.08.21"]
[Round "2"]
[White "Marguerettaz, Davy"]
[Black "Dritsakos, Alessio"]
[Result "1-0"]
[WhiteElo "2160"]
[BlackElo "2004"]
[PlyCount "89"]
[EventDate "2011.08.20"]

1. d4 d5 2. c4 c6 3. Nf3 Nf6 4. Nc3 e6 5. e3 Nbd7 6. Bd3 Bd6 7. O-O dxc4 8.
Bxc4 b5 9. Bd3 O-O 10. a4 b4 11. Ne4 Nxe4 12. Bxe4 Ba6 13. Bd3 Bxd3 14. Qxd3
Rc8 15. Rd1 Qa5 16. e4 e5 17. Nd2 Bb8 18. Nc4 Qc7 19. dxe5 Nxe5 20. Nxe5 Qxe5
21. f4 Qe7 22. Be3 a5 23. e5 Ba7 24. Bxa7 Qxa7+ 25. Qd4 Qxd4+ 26. Rxd4 c5 27.
Rc4 Rc7 28. Rd1 Rfc8 29. Kf2 Kf8 30. Ke3 Ke7 31. Rd5 g6 32. g4 Rc6 33. f5 h5
34. h3 hxg4 35. hxg4 R8c7 36. f6+ Ke8 37. g5 Rd7 38. Rdxc5 Rxc5 39. Rxc5 Ra7
40. Rc8+ Kd7 41. Rf8 Kc6 42. Ke4 Rd7 43. Rc8+ Kb6 44. Re8 Rd2 45. e6 1-0

[Event "XXXI Festival Conca della Presolana A"]
[Site "Bratto - Castione della Presolana ITA"]
[Date "2011.08.21"]
[Round "2"]
[White "Montani, Francesco"]
[Black "Cugini, Verter"]
[Result "1-0"]
[WhiteElo "2218"]
[BlackElo "2053"]
[PlyCount "69"]
[EventDate "2011.08.20"]

1. Nf3 g6 2. c4 Bg7 3. Nc3 e5 4. g3 Ne7 5. Bg2 c5 6. O-O Nbc6 7. d3 d5 8. cxd5
Nxd5 9. Nxe5 Nxc3 10. Nxc6 Nxd1 11. Nxd8 Nxb2 12. Nxb7 Bxb7 13. Bxb7 Rb8 14.
Bc6+ Ke7 15. Rb1 Rb6 16. Bf3 Rc8 17. Be3 Bd4 18. Bxd4 cxd4 19. Rfc1 Rxc1+ 20.
Rxc1 Rd6 21. Bc6 a5 22. a4 Nd1 23. Rc4 g5 24. Bf3 f5 25. g4 fxg4 26. Bxg4 Rf6
27. Rxd4 Nxf2 28. Bf3 Nh3+ 29. Kg2 Nf4+ 30. Kg3 Rb6 31. e3 Ne6 32. Rd5 Rb3 33.
Be4 h5 34. Rxa5 Ra3 35. h4 1-0